[Event "Mechanics' Winter TNM; 30/90, SD/30"]
[Site "San Francisco"]
[Date "2011.02.01"]
[Round "5.19"]
[White "Montoya, Daniel"]
[Black "Nelson, Christopher"]
[Result "0-1"]
[WhiteElo "1496"]
[BlackElo "1544"]
[PlyCount "52"]
[EventDate "2011.??.??"]

1. e4 e5 2. Nf3 Nc6 3. d4 exd4 4. Nxd4 Bc5 5. Nxc6 Qf6 6. Qf3 Qxc6 7. Nc3 Nf6
8. Bb5 Qe6 9. O-O O-O 10. Bf4 d6 11. Rad1 a6 12. Bd3 c6 13. Rfe1 Bd4 14. Qe2
Bxc3 15. bxc3 Qxa2 16. Bc4 Qa5 17. Bxd6 Re8 18. Qe3 Rxe4 19. Qd3 Bf5 20. Rxe4
Nxe4 21. Bb4 Qb6 22. Qf3 Bg6 23. Bxf7+ Bxf7 24. Qxe4 c5 25. Qe3 Rd8 26. Re1 Re8
0-1

[Event "Mechanics' Winter TNM; 30/90, SD/30"]
[Site "San Francisco"]
[Date "2011.02.15"]
[Round "7.20"]
[White "Montoya, Daniel"]
[Black "Olson, David"]
[Result "0-1"]
[WhiteElo "1496"]
[BlackElo "1516"]
[Annotator "Donaldson"]
[PlyCount "38"]
[EventDate "2011.??.??"]

1. e4 e5 2. Nf3 Nc6 3. d4 exd4 4. Nxd4 Bc5 5. Nxc6 bxc6 6. Bd3 Ne7 7. O-O O-O
8. Nc3 a5 $6 (8... d5) 9. Kh1 $6 (9. Qh5 d5 (9... d6 10. e5) 10. exd5 g6 11.
Qh4 Nxd5 12. Bg5 $14) 9... f5 10. exf5 (10. Bc4+ Kh8 11. Bg5 fxe4 12. Nxe4 Bb6
13. Re1) 10... Nxf5 11. Qh5 d5 12. g4 $2 (12. Bg5 $11) 12... g6 (12... Qh4 13.
Bg5 Qxh5 14. gxh5 Nd4) 13. Qh3 Nh4 (13... Qh4 $1) 14. Qg3 $2 (14. f4) 14... Rf3
15. Qe5 Bd6 16. Bg5 Qd7 17. Qd4 Rh3 18. Bf4 Qxg4 19. Rg1 Qf3+ 0-1

[Event "Mechanics' Winter TNM; 30/90, SD/30"]
[Site "San Francisco"]
[Date "2011.01.18"]
[Round "3.20"]
[White "Morgan, Jerry"]
[Black "Alzhin, Leonid"]
[Result "0-1"]
[WhiteElo "1507"]
[BlackElo "1563"]
[PlyCount "57"]
[EventDate "2011.??.??"]

1. f4 Nf6 2. Nf3 d5 3. e3 b6 4. Bb5+ c6 5. Be2 Bb7 6. O-O Nbd7 7. d3 Qc7 8. Nc3
h6 9. e4 dxe4 10. dxe4 O-O-O 11. Qe1 e5 12. f5 Nc5 13. Bc4 Ba6 14. Bxa6+ Nxa6
15. Be3 Ng4 16. Kh1 Nxe3 17. Qxe3 Bc5 18. Qe2 Nb8 19. Rfd1 Bd6 20. a3 g5 21. b4
Qe7 22. Rd3 Bc7 23. Rad1 b5 24. Qd2 g4 25. Ne1 Nd7 26. Qe2 h5 27. Na2 Nb6 28.
Qf2 Kb7 29. Rxd8 0-1

[Event "Mechanics' Winter TNM; 30/90, SD/30"]
[Site "San Francisco"]
[Date "2011.02.01"]
[Round "5.22"]
[White "Morgan, Jerry"]
[Black "Clark, Thomas"]
[Result "1/2-1/2"]
[WhiteElo "1507"]
[BlackElo "977"]
[PlyCount "55"]
[EventDate "2011.??.??"]

1. f4 b6 2. e4 Bb7 3. d3 e6 4. c3 Be7 5. Nf3 d6 6. Qc2 Nd7 7. Be3 Ndf6 8. Nbd2
Ng4 9. Bg1 h5 10. O-O-O Qd7 11. h3 N4h6 12. g4 f5 13. g5 Nf7 14. Nh4 O-O-O 15.
Bg2 e5 16. Nxf5 exf4 17. h4 Bf8 18. Bh3 Ne5 19. Nxd6+ Bxd6 20. Bxd7+ Rxd7 21.
Rf1 Ne7 22. Rxf4 Nxd3+ 23. Kb1 Bxf4 24. Bd4 Ne5 25. Rf1 Bg3 26. Bxe5 Bxe5 27.
Rf7 Rhd8 28. Qc1 1/2-1/2

[Event "Mechanics' Winter TNM; 30/90, SD/30"]
[Site "San Francisco"]
[Date "2011.02.22"]
[Round "8.16"]
[White "Morgan, Jerry"]
[Black "MacIntyre, Brendan"]
[Result "0-1"]
[WhiteElo "1507"]
[BlackElo "1669"]
[PlyCount "50"]
[EventDate "2011.??.??"]

1. f4 Nf6 2. Nf3 b6 3. d3 d5 4. c3 Bb7 5. Qc2 e6 6. Be3 Nbd7 7. Nbd2 c5 8.
O-O-O Rc8 9. Bg1 Bd6 10. g3 e5 11. f5 Qc7 12. e4 b5 13. Re1 d4 14. c4 a6 15.
Be2 Nb6 16. b3 Bc6 17. Bf2 a5 18. Ng5 h6 19. Nh3 a4 20. g4 axb3 21. Qxb3 b4 22.
g5 hxg5 23. Nxg5 Ra8 24. Reg1 Ra3 25. Qc2 Rc3 0-1

[Event "Mechanics' Winter TNM; 30/90, SD/30"]
[Site "San Francisco"]
[Date "2011.01.11"]
[Round "2.12"]
[White "Morgan, Jerry"]
[Black "Traub, Igor"]
[Result "0-1"]
[WhiteElo "1507"]
[BlackElo "2097"]
[PlyCount "56"]
[EventDate "2011.??.??"]

1. f4 d5 2. Nf3 c5 3. e3 Bg4 4. h3 Bf5 5. d3 Nc6 6. g4 Bd7 7. Qe2 e6 8. Nc3 Be7
9. Qf2 Nf6 10. g5 Nh5 11. Qh4 g6 12. a3 h6 13. Bd2 hxg5 14. fxg5 b5 15. Rg1 b4
16. Ne2 a5 17. a4 Qc7 18. b3 Ne5 19. Qf2 c4 20. Ned4 Bd6 21. O-O-O cxb3 22. Kb2
bxc2 23. Rc1 Bxa4 24. Be2 Nc4+ 25. dxc4 dxc4 26. Nxc2 c3+ 27. Bxc3 Qxc3+ 28.
Kb1 Qb3+ 0-1

[Event "Mechanics' Winter TNM; 30/90, SD/30"]
[Site "San Francisco"]
[Date "2011.01.25"]
[Round "4.17"]
[White "Nelson, Christopher"]
[Black "Allen, Tom"]
[Result "0-1"]
[WhiteElo "1544"]
[BlackElo "1507"]
[PlyCount "80"]
[EventDate "2011.??.??"]

1. e4 e5 2. Nc3 Nf6 3. f4 d5 4. exd5 (4. fxe5 Nxe4 5. Nf3) 4... Nxd5 5. Nf3
Nxf4 6. d3 (6. d4) 6... Bd6 7. Bxf4 exf4 8. Ne4 O-O 9. Be2 Nc6 10. O-O Bf5 11.
Nxd6 Qxd6 12. c3 Rfe8 13. Nh4 Ne7 14. Qd2 g5 15. Nf3 Qh6 16. Ne5 Nd5 17. d4 Ne3
18. Rf3 Rad8 19. Rxe3 fxe3 20. Qxe3 f6 21. Bc4+ Kg7 22. Qf3 fxe5 23. Qxf5 Qg6
24. Rf1 Qxf5 25. Rxf5 Kg6 26. Rf7 exd4 27. cxd4 Rxd4 28. Rxc7 Rd1+ 29. Kf2 Rd2+
30. Kf1 Rf8+ 31. Ke1 Rxb2 32. Bd3+ Kf6 33. Rxh7 Rc8 34. Kd1 Rd8 35. Kc1 Rxg2
36. Rh6+ Ke5 37. Rh3 Kf4 38. Rg3 Rxg3 39. hxg3+ Kxg3 40. Be4 b6 0-1

[Event "Mechanics' Winter TNM; 30/90, SD/30"]
[Site "San Francisco"]
[Date "2011.01.04"]
[Round "1.6"]
[White "Nelson, Christopher"]
[Black "Klinetobe, David"]
[Result "0-1"]
[WhiteElo "1544"]
[BlackElo "2000"]
[PlyCount "91"]
[EventDate "2011.??.??"]

1. e4 e6 2. d4 d5 3. Nc3 Nf6 4. e5 Nfd7 5. f4 c5 6. Be3 cxd4 7. Qxd4 Nc6 8. Qd2
a6 9. Nf3 Bb4 10. Be2 Nc5 11. O-O Ne4 12. Qd3 Bxc3 13. bxc3 Na5 14. Nd2 Nxd2
15. Qxd2 O-O 16. Qe1 Bd7 17. Qf2 Qc8 18. Bc5 Re8 19. Bd3 g6 20. Bb4 Nc6 21. Bd6
Ne7 22. Bxe7 Rxe7 23. Qh4 Re8 24. Rab1 Qc5+ 25. Kh1 Bc6 26. Rf3 Qe7 27. Qh6 Qf8
28. Qh4 Qg7 29. Qe1 Rac8 30. Rg3 Qh6 31. Rb4 Qg7 32. a4 Rc7 33. a5 Qf8 34. f5
exf5 35. Bxf5 Bd7 36. Bxd7 Rxd7 37. Rb6 Re6 38. Rb1 Qc5 39. h4 Qxa5 40. h5 Qc7
41. hxg6 fxg6 42. Rg5 Rde7 43. Qg3 Rxe5 44. Rxg6+ hxg6 45. Qxg6+ Rg7 46. Qh6
0-1

[Event "Mechanics' Winter TNM; 30/90, SD/30"]
[Site "San Francisco"]
[Date "2011.02.15"]
[Round "7.16"]
[White "Nelson, Christopher"]
[Black "Sherwood, Peter"]
[Result "0-1"]
[WhiteElo "1544"]
[BlackElo "1798"]
[PlyCount "68"]
[EventDate "2011.??.??"]

1. e4 c5 2. b4 cxb4 3. a3 Nc6 4. Bb2 d6 5. Nf3 Nf6 6. d3 e6 7. Be2 Be7 8. axb4
Nxb4 9. e5 dxe5 10. Nxe5 O-O 11. c3 Nbd5 12. Qc1 Nd7 13. c4 Nxe5 14. Bxe5 Bf6
15. d4 Bxe5 16. dxe5 Ne7 17. Nd2 Nc6 18. Nf3 Bd7 19. O-O Ne7 20. Bd3 Bc6 21.
Rd1 Qc7 22. Ra3 Ng6 23. Nd4 Nxe5 24. Bxh7+ Kxh7 25. Rh3+ Kg8 26. Qg5 Ng6 27.
Qh5 Rfd8 28. Qh7+ Kf8 29. Qh5 Qe5 30. Nxe6+ Qxe6 31. Qc5+ Qe7 32. Rxd8+ Rxd8
33. Qh5 Qe5 34. Qg4 Qa1+ 0-1

[Event "Mechanics' Winter TNM; 30/90, SD/30"]
[Site "San Francisco"]
[Date "2011.02.22"]
[Round "8.12"]
[White "Newey, Richard"]
[Black "Anderson, Michael"]
[Result "1/2-1/2"]
[WhiteElo "1710"]
[BlackElo "1907"]
[PlyCount "109"]
[EventDate "2011.??.??"]

1. e4 c5 2. Nf3 e6 3. Be2 Nc6 4. O-O g6 5. d3 Bg7 6. c3 Nf6 7. Re1 d6 8. Bg5 h6
9. Be3 Bd7 10. Nbd2 Ng4 11. Nf1 Nxe3 12. Nxe3 O-O 13. Qc2 Rc8 14. Rad1 Nd4 15.
Qb1 ({If} 15. cxd4 cxd4 16. Nc4 b5 17. b3 bxc4 18. bxc4 $15) 15... Nxe2+ 16.
Rxe2 b5 17. d4 b4 18. e5 d5 19. Qc1 a5 20. Ng4 h5 21. Ne3 Bh6 22. Qc2 c4 23.
Kh1 Qe8 24. Rg1 Ba4 25. Qc1 Qe7 26. g4 hxg4 27. Rxg4 Kg7 28. Qg1 Bxe3 29. fxe3
Rh8 30. Ng5 Rcf8 31. Rf2 Rh6 32. Rf6 ({also} 32. Rgf4) 32... Bc2 33. e4 Bxe4+
34. Nxe4 dxe4 35. Rgf4 bxc3 36. bxc3 Qb7 37. Qe3 Rh5 38. Qxe4 Qxe4+ 39. Rxe4
Rh3 40. Ref4 Rxc3 41. d5 exd5 42. e6 Re3 43. Rxf7+ Rxf7 44. Rxf7+ Kg8 45. Rd7
Rxe6 46. a4 c3 47. Rc7 d4 48. Kg2 Re2+ 49. Kf3 d3 (49... Rxh2) 50. Rxc3 Rxh2
51. Kg3 Ra2 52. Rxd3 Rxa4 {B has a theoretically won position} 53. Rd7 ({
For example} 53. Rd6 Kh7 54. Rd7+ Kh6 55. Rd5 g5 56. Rd8 Rc4 57. Ra8 a4 58. Rg8
Kh5 59. Rh8+ Kg6 60. Rf8 g4 61. Kh4 Rb4 62. Kg3 Kg5 63. Ra8 Kf5 64. Ra5+ Ke4
65. Kxg4 Kd3+ 66. Kf5 Kc2 67. Rc5+ Kb2 68. Rd5 a3 69. Rd2+ Ka1 70. Rd1+ Rb1)
53... Rb4 54. Ra7 a4 55. Kf2 {
Both players quit keeping score here. The game was later drawn.} 1/2-1/2

[Event "Mechanics' Winter TNM; 30/90, SD/30"]
[Site "San Francisco"]
[Date "2011.02.08"]
[Round "6.10"]
[White "Newey, Richard"]
[Black "Khristoforov, Sergey"]
[Result "1/2-1/2"]
[WhiteElo "1710"]
[BlackElo "2026"]
[PlyCount "65"]
[EventDate "2011.??.??"]

1. e4 c6 (1... e6 2. d4 d5 3. e5 c5 4. c3 Nc6 5. Nf3 Qb6 6. Be2 cxd4 7. cxd4)
2. d4 d5 3. e5 Bf5 4. Nf3 e6 5. Be2 c5 6. O-O Nc6 7. c3 cxd4 8. cxd4 Qb6 9. b3
(9. Nc3) 9... Nge7 10. Ba3 g6 11. Bc5 Qd8 12. Nc3 Nc8 13. Bxf8 Kxf8 14. Qd2 Kg7
15. Rac1 f6 16. Rfd1 fxe5 17. Nxe5 h5 18. Nxc6 bxc6 19. Na4 Ne7 20. Qf4 Qb8 21.
Qg5 Qd6 22. Rc3 Kf7 23. Nc5 Rac8 24. Bd3 (24. Re3 Rhe8 25. Re1 (25. h3) 25...
Ng8 26. h3) 24... e5 25. Bxf5 Nxf5 26. dxe5 Qxe5 27. Rf3 Rhe8 28. h3 Qe2 $2 (
28... Qe7 $11) 29. Rxf5+ gxf5 30. Qxf5+ Kg7 31. Qg5+ (31. Rd3 Qe5 (31... Qe1+
32. Kh2 Qe5+ 33. Rg3+ Kh8 34. Qg6 Rc7 35. f4) 32. Rg3+ Kh8 33. Qg6) 31... Kh7
32. Qf5+ Kg7 33. Qg5+ 1/2-1/2

[Event "Mechanics' Winter TNM; 30/90, SD/30"]
[Site "San Francisco"]
[Date "2011.01.11"]
[Round "2.7"]
[White "Newey, Richard"]
[Black "Krasnov, Steven"]
[Result "0-1"]
[WhiteElo "1710"]
[BlackElo "1964"]
[PlyCount "38"]
[EventDate "2011.??.??"]

1. e4 c5 2. Nf3 d6 3. d4 cxd4 4. Nxd4 Nf6 5. Nc3 a6 6. Be2 Nbd7 7. Be3 b5 8. f3
e6 9. a4 b4 10. Na2 d5 11. exd5 Nxd5 12. Bf2 Bb7 13. c3 Rc8 14. c4 Nf4 15. O-O
Qg5 16. Bg3 Bc5 17. Kf2 e5 18. h4 Qf6 19. b3 Bxd4+ 0-1

[Event "Mechanics' Winter TNM; 30/90, SD/30"]
[Site "San Francisco"]
[Date "2011.02.01"]
[Round "5.11"]
[White "Newey, Richard"]
[Black "Shakhnazarov, Oleg"]
[Result "1-0"]
[WhiteElo "1710"]
[BlackElo "2148"]
[PlyCount "112"]
[EventDate "2011.??.??"]

1. e4 c5 2. Nf3 Nc6 3. c3 d5 4. exd5 Qxd5 5. Na3 e5 6. Nb5 Qd8 7. d4 a6 8. d5
axb5 9. dxc6 Qxd1+ 10. Kxd1 bxc6 11. Nxe5 Bb7 12. c4 Bd6 13. Nf3 b4 14. b3 Nf6
15. Bd3 O-O 16. h3 Nd7 17. Bb2 f6 18. Rf1 Rfe8 19. Re1 Red8 20. Kc2 Nf8 21. a4
Ng6 22. g3 Bc8 23. h4 Bg4 24. Re3 f5 25. Be5 f4 26. gxf4 Nxf4 27. Bxd6 Rxd6 28.
Ne5 Bh5 29. Be4 Rad8 30. Nd3 Be2 31. Nxf4 Rd2+ 32. Kb1 Bf1 33. Re1 Rxf2 34. Ra2
Rxf4 35. a5 Rxe4 36. Rxf1 Re3 37. Kc2 Rc3+ 38. Kb2 Rh3 39. a6 Rh2+ 40. Kb1 Rxa2
41. Kxa2 Ra8 42. Rf5 Rxa6+ 43. Kb2 Ra5 44. h5 g6 45. hxg6 hxg6 46. Rf6 Kg7 47.
Rxc6 Kh6 48. Kc2 Ra2+ 49. Kd3 Rb2 50. Rxc5 Rxb3+ 51. Kd4 g5 52. Rb5 g4 53. Rb6+
Kg5 54. c5 g3 55. Rb8 Kg4 56. c6 g2 {Both scoresheets stop here. Shakhnazarov
later blundered trying to win a drawn position.} 1-0

[Event "Mechanics' Winter TNM; 30/90, SD/30"]
[Site "San Francisco"]
[Date "2011.01.11"]
[Round "2.1"]
[White "Ochoa, Jason"]
[Black "Cunningham, Robin"]
[Result "0-1"]
[WhiteElo "1900"]
[BlackElo "2265"]
[PlyCount "120"]
[EventDate "2011.??.??"]

1. c4 e6 2. g3 d5 3. Bg2 Nf6 4. Nf3 c5 5. O-O Nc6 6. cxd5 exd5 7. d4 Be7 8. Nc3
O-O 9. Bg5 c4 10. Rc1 Be6 11. Re1 Qa5 12. Ne5 Rfd8 13. e3 h6 14. Bxf6 Bxf6 15.
f4 Bxe5 16. fxe5 b5 17. Rf1 Nb4 18. Qh5 Nd3 19. Rc2 Rac8 20. Bh3 Bxh3 21. Qxh3
b4 22. Nd1 Qa4 23. b3 Qd7 24. Qxd7 Rxd7 25. Nf2 Rdc7 26. Nxd3 cxd3 27. Rxc7
Rxc7 28. Rd1 Rc2 29. Rxd3 Rxa2 30. h4 Rb2 31. Kf1 Kf8 32. Ke1 Ke7 33. Kd1 Ke6
34. Kc1 Re2 35. Kd1 Rb2 36. Kc1 Re2 37. Kd1 Rg2 38. e4 dxe4 39. d5+ Ke7 40. Rd4
Rxg3 41. e6 fxe6 42. dxe6 Kxe6 43. Rxe4+ Kd5 44. Rxb4 Kc5 45. Rc4+ Kb5 46. Kc2
h5 47. Re4 g6 48. Re5+ Kb4 49. Re4+ Kc5 50. Rc4+ Kb5 51. Re4 Rg4 52. Re5+ Kb4
53. Re7 Rxh4 54. Rb7+ Kc5 55. Rxa7 Rg4 56. Kd2 h4 57. Ke2 Rg3 58. Rb7 g5 59.
Kf2 g4 60. Rh7 Rf3+ 0-1

[Event "Mechanics' Winter TNM; 30/90, SD/30"]
[Site "San Francisco"]
[Date "2011.02.08"]
[Round "6.2"]
[White "Ochoa, Jason"]
[Black "Shipman, Walter"]
[Result "0-1"]
[WhiteElo "1900"]
[BlackElo "2200"]
[PlyCount "68"]
[EventDate "2011.??.??"]

1. c4 e6 2. g3 d5 3. Bg2 Nf6 4. Nf3 Be7 5. O-O O-O 6. b3 c5 7. e3 Nc6 8. Bb2 b6
9. Qe2 Bb7 10. Nc3 Rc8 11. d3 Qd7 12. Rfd1 Rfd8 13. Rac1 Qe8 14. cxd5 Nxd5 15.
Nxd5 Rxd5 16. d4 cxd4 17. exd4 Rdd8 18. Ne5 Nxe5 (18... Ba8 {
was better although after} 19. Nxc6 Bxc6 20. d5 Bxd5 21. Rxc8 Rxc8 22. Bxd5
exd5 23. Re1 Kf8 24. Qh5 {White regains the pawn with some advantage}) 19. Bxb7
Rb8 20. Bg2 Ng6 21. Rc7 a5 22. d5 Bd6 23. Ra7 e5 24. h4 Rd7 25. Rxd7 Qxd7 26.
Kh2 (26. h5 Nf8 27. Rc1 Rc8 28. Rc6 {was more to the point.}) 26... Re8 27. h5
Nf8 28. Bh3 Qe7 29. Qg4 (29. h6 $1 gxh6 (29... g6 30. Qb5 Rb8 31. Rc1 Bc5 32.
Re1) 30. Qe3 {recovers the pawn and improves White's position.}) 29... h6 30.
f4 $2 f5 $1 31. Qxf5 $4 (31. Qe2 exf4 32. Qxe7 fxg3+ 33. Kg1 Rxe7 34. Bxf5 Re2
{is better for Black but still a fight.}) 31... exf4 32. Rd2 Qe1 33. Qd3 Re3
34. Rc2 Qxg3+ 0-1

[Event "Mechanics' Winter TNM; 30/90, SD/30"]
[Site "San Francisco"]
[Date "2011.01.25"]
[Round "4.6"]
[White "Ochoa, Jason"]
[Black "Traub, Igor"]
[Result "1-0"]
[WhiteElo "1900"]
[BlackElo "2097"]
[PlyCount "90"]
[EventDate "2011.??.??"]

1. c4 e5 2. g3 Nf6 3. Bg2 Bc5 4. e3 O-O 5. Ne2 Re8 6. O-O d6 7. Nbc3 Nc6 8. d3
a5 9. a3 Bg4 10. Qc2 Qd7 11. Nd5 Nxd5 12. cxd5 Ne7 13. Rd1 Qf5 14. b3 Bf3 15.
Bb2 Bxg2 16. Kxg2 Nxd5 17. Nc3 Nf6 18. h3 c6 19. Rac1 d5 20. Nxd5 cxd5 21. Qxc5
h5 22. f3 h4 23. g4 Qg5 24. Re1 a4 25. b4 Rac8 26. Qxc8 Rxc8 27. Rxc8+ Kh7 28.
Bc1 Qg6 29. e4 d4 30. Bd2 Nd7 31. Kf2 Qe6 32. Rc7 b5 33. Rec1 Nf6 34. Rb7 Ne8
35. Ke2 Qa2 36. Rxb5 Qxa3 37. Rxe5 Nf6 38. Ra5 Qa2 39. Rc8 Qa1 40. Rc1 Qa2 41.
f4 a3 42. Rc8 Qe6 43. Raa8 g6 44. Rh8+ Kg7 45. f5 Nxe4 1-0

[Event "Mechanics' Winter TNM; 30/90, SD/30"]
[Site "San Francisco"]
[Date "2011.02.22"]
[Round "8.17"]
[White "Olson, David"]
[Black "Allen, Tom"]
[Result "0-1"]
[WhiteElo "1516"]
[BlackElo "1507"]
[PlyCount "62"]
[EventDate "2011.??.??"]

1. e4 e5 2. Nf3 Nc6 3. d4 exd4 4. Nxd4 Bc5 5. c3 Nf6 6. Bg5 h6 7. Bh4 g5 8. Bg3
Nxe4 9. Nf5 Nxg3 10. hxg3 Qf6 11. Bd3 d6 12. Ne3 Bxe3 13. fxe3 Be6 14. Nd2 Ne5
15. Be2 O-O-O 16. Qa4 Kb8 17. O-O-O Bd7 18. Qb3 Bc6 19. Rhf1 Qg6 20. c4 Bxg2
21. Rf2 Bh3 22. Nb1 Bf5 23. Na3 Be6 24. Nb5 d5 25. c5 d4 26. Nxd4 Bxb3 27. axb3
Nc6 28. Bd3 Qg7 29. Nf5 Qe5 30. Bc4 Rxd1+ 31. Kxd1 Qxc5 0-1

[Event "Mechanics' Winter TNM; 30/90, SD/30"]
[Site "San Francisco"]
[Date "2011.01.25"]
[Round "4.16"]
[White "Olson, David"]
[Black "Bertot, German"]
[Result "0-1"]
[WhiteElo "1516"]
[BlackElo "1563"]
[PlyCount "80"]
[EventDate "2011.??.??"]

1. e4 e5 2. Nf3 Nc6 3. d4 exd4 4. Nxd4 d6 5. Bb5 Bd7 6. O-O Be7 7. Nc3 Nf6 8.
Nde2 a6 9. Bd3 O-O 10. Nd5 Nxd5 11. exd5 Ne5 12. f4 Ng4 13. f5 Bf6 14. c3 Qe7
15. Kh1 Be5 16. Nf4 Qh4 17. Nh3 Nf6 18. Bg5 Qg4 19. Qe1 Nxd5 20. Qf2 f6 21. Bd2
Kh8 22. Rae1 Qh5 23. Be4 Bc6 24. Bf3 Qe8 25. Nf4 Nxf4 26. Bxf4 Bxf3 27. Qxf3
Qb5 28. Bc1 Rae8 29. Qh5 Kg8 30. Rf3 Qd7 31. Re4 Qf7 32. Qh4 Re7 33. Rh3 h6 34.
Rg4 Qd5 35. Qe1 Bxc3 36. Rxg7+ Rxg7 37. Qe6+ Qxe6 38. fxe6 Re8 39. bxc3 Rxe6
40. Bxh6 Re1# 0-1

[Event "Mechanics' Winter TNM; 30/90, SD/30"]
[Site "San Francisco"]
[Date "2011.02.01"]
[Round "5.18"]
[White "Olson, David"]
[Black "Litowsky, Daniel"]
[Result "0-1"]
[WhiteElo "1516"]
[BlackElo "1700"]
[PlyCount "62"]
[EventDate "2011.??.??"]

1. e4 e5 2. Nf3 Nc6 3. Bc4 Be7 4. O-O d6 5. d4 Bg4 6. d5 Nd4 7. Nbd2 Nf6 8. c3
Nxf3+ 9. Nxf3 Nxe4 10. Qd3 Nf6 11. Bd2 e4 12. Qd4 exf3 13. gxf3 Bxf3 14. Bb5+
c6 15. dxc6 Bxc6 16. Bd3 O-O 17. Rfe1 Qd7 18. Re3 Rfe8 19. Rg3 Qe6 20. Bc4 Qe4
21. Kf1 Qxd4 22. cxd4 Ne4 23. Rd3 Nxd2+ 24. Rxd2 d5 25. Bd3 g6 26. f4 Bf6 27.
f5 Re3 28. fxg6 hxg6 29. Kf2 Rae8 30. Rg1 Bxd4 31. Rg4 Re2+ 0-1

[Event "Mechanics' Winter TNM; 30/90, SD/30"]
[Site "San Francisco"]
[Date "2011.01.18"]
[Round "3.17"]
[White "Ramachandran, Jayakrishnan"]
[Black "Frank, Robert"]
[Result "1-0"]
[WhiteElo "1913"]
[BlackElo "1291"]
[PlyCount "63"]
[EventDate "2011.??.??"]

1. e4 e5 2. Nf3 Nf6 3. Nc3 Nc6 4. Be2 Bc5 5. d3 O-O 6. Bg5 h6 7. Bh4 Re8 8. O-O
Nd4 9. Nxd4 Bxd4 10. Qd2 c6 11. Bg3 d5 12. exd5 cxd5 13. Nd1 Qb6 14. c3 Bc5 15.
Kh1 Bg4 16. b4 Bd6 17. Bxg4 Nxg4 18. f3 Nf6 19. Ne3 a5 20. a3 d4 21. Nc4 dxc3
22. Nxb6 cxd2 23. Nxa8 Rxa8 24. b5 Rc8 25. d4 Bxa3 26. Rxa3 Rc1 27. Ra1 e4 28.
Raxc1 dxc1=Q 29. Rxc1 exf3 30. Rc8+ Kh7 31. gxf3 Nd5 32. Rd8 1-0

[Event "Mechanics' Winter TNM; 30/90, SD/30"]
[Site "San Francisco"]
[Date "2011.01.04"]
[Round "1.9"]
[White "Ramachandran, Jayakrishnan"]
[Black "Habeeb, Kenneth"]
[Result "1/2-1/2"]
[WhiteElo "1913"]
[BlackElo "1524"]
[PlyCount "72"]
[EventDate "2011.??.??"]

1. e4 c5 2. Nf3 d6 3. d4 cxd4 4. Nxd4 Nf6 5. Nc3 a6 6. g3 Nbd7 7. Bg2 e5 8. Nf5
Nc5 9. Ne3 Be6 10. O-O Be7 11. Ned5 Nxd5 12. Nxd5 O-O 13. Be3 Rc8 14. Qd2 b5
15. Rfd1 Bxd5 16. exd5 Na4 17. c3 Nb6 18. b3 f5 19. f4 e4 20. Rac1 Bf6 21. Qf2
Nd7 22. c4 bxc4 23. bxc4 Nc5 24. Bf1 Rf7 25. Rb1 Qc7 26. Rdc1 Qa5 27. Qc2 Rfc7
28. Bd2 Bd4+ 29. Kh1 Qa3 30. Be2 Qa4 31. Qxa4 Nxa4 32. Bb4 Nc5 33. Bxc5 Bxc5
34. Rb3 a5 35. Rcb1 a4 36. Rb7 Kf7 1/2-1/2

[Event "Mechanics' Winter TNM; 30/90, SD/30"]
[Site "San Francisco"]
[Date "2011.02.08"]
[Round "6.14"]
[White "Ramachandran, Jayakrishnan"]
[Black "Standen, Julian"]
[Result "1-0"]
[WhiteElo "1913"]
[BlackElo "1706"]
[PlyCount "103"]
[EventDate "2011.??.??"]

1. e4 c6 2. d4 d5 3. Nc3 dxe4 4. Nxe4 Nd7 5. Nf3 Ngf6 6. Ng3 e6 7. Bd3 c5 8.
O-O Be7 9. b3 O-O 10. Bb2 b6 11. c4 Bb7 12. Be2 Qc7 13. Qc2 Rfe8 14. Rfe1 Rad8
15. Rad1 Bd6 16. dxc5 bxc5 17. Nf1 Be4 18. Qc3 Bf8 19. Ng5 Bg6 20. Bf3 Nb8 21.
Ng3 Nc6 22. Bxc6 Qxc6 23. Qf3 Qxf3 24. Nxf3 Bd6 25. Be5 Be7 26. Bc7 Rxd1 27.
Rxd1 Be4 28. Ne5 Bb7 29. f3 Kf8 30. Ba5 Rc8 31. Kf2 Ke8 32. Ne2 Bc6 33. Nc3 Nd7
34. Nxc6 Rxc6 35. Nb5 Bd8 36. Bc3 f6 37. Rd2 a6 38. Nd6+ Ke7 39. Ne4 Bc7 40. g3
h6 41. Ke2 f5 42. Nf2 g6 43. Nd3 g5 44. Nf2 Be5 $4 45. Rxd7+ Kxd7 46. Bxe5 h5
47. Nd3 Ke7 48. Bb8 Rc8 49. Be5 Rc6 50. Bb2 Rc8 51. Ba3 Kd6 52. Ke3 1-0

[Event "Mechanics' Winter TNM; 30/90, SD/30"]
[Site "San Francisco"]
[Date "2011.01.11"]
[Round "2.21"]
[White "Reyes, Edsel Delos"]
[Black "Clark, Thomas"]
[Result "1-0"]
[WhiteElo "1531"]
[BlackElo "977"]
[PlyCount "81"]
[EventDate "2011.??.??"]

1. e4 e5 2. Nf3 Nf6 3. Nxe5 d6 4. Nf3 Nxe4 5. Bc4 d5 6. Bb3 c5 7. c3 c4 8. Bc2
Bc5 9. O-O O-O 10. d3 cxd3 11. Bxd3 Bg4 12. Be2 Qb6 13. Ne5 Bxe2 14. Qxe2 Nc6
15. Nxc6 bxc6 16. b4 Bd6 17. Be3 Qc7 18. g3 Rfe8 19. Qc2 a5 20. a3 axb4 21.
cxb4 Be5 22. Ra2 Rac8 23. Qd3 Bf6 24. Rc2 Qd7 25. Nd2 Qf5 26. Nxe4 Rxe4 27. f3
Re5 28. Qxf5 Rxf5 29. b5 d4 30. Bd2 d3 31. Rxc6 Rxc6 32. bxc6 Rc5 33. Rc1 Rxc1+
34. Bxc1 Be5 35. Kf1 f6 36. Bf4 Kf7 37. Bxe5 fxe5 38. c7 d2 39. Ke2 Ke7 40.
c8=Q d1=Q+ 41. Kxd1 1-0

[Event "Mechanics' Winter TNM; 30/90, SD/30"]
[Site "San Francisco"]
[Date "2011.02.15"]
[Round "7.17"]
[White "Reyes, Edsel Delos"]
[Black "Mar, Henry"]
[Result "0-1"]
[WhiteElo "1531"]
[BlackElo "1523"]
[PlyCount "68"]
[EventDate "2011.??.??"]

1. e4 c6 2. d4 d5 3. Nc3 dxe4 4. Nxe4 Bf5 5. Ng3 Bg6 6. Be3 Nf6 7. Bd3 Bxd3 8.
Qxd3 e6 9. O-O-O Nbd7 10. Nf3 Bd6 11. Ne4 Be7 12. h3 O-O 13. g4 h6 14. Nfd2 Nd5
15. c3 Qa5 16. Qb1 b5 17. Nb3 Qc7 18. Bd2 c5 19. Rdg1 c4 20. g5 h5 21. Na1 Nf4
22. Nc2 Ne2+ 23. Kd1 Nxg1 24. Rxg1 Qh2 25. Ke2 Qxh3 26. Ne3 e5 27. Rh1 Qe6 28.
Rxh5 exd4 29. Nf6+ Nxf6 30. gxf6 d3+ 31. Kf3 Qc6+ 32. Kg3 Qd6+ 33. Kf3 Qc6+ 34.
Kg3 g6 {remainder illegible} 0-1

[Event "Mechanics' Winter TNM; 30/90, SD/30"]
[Site "San Francisco"]
[Date "2011.02.08"]
[Round "6.16"]
[White "Reyes, Edsel Delos"]
[Black "Milliken, William"]
[Result "0-1"]
[WhiteElo "1531"]
[BlackElo "1681"]
[PlyCount "36"]
[EventDate "2011.??.??"]

1. e4 e5 2. Nf3 Nc6 3. Bb5 f5 4. d3 fxe4 5. dxe4 Nf6 6. Bg5 Bc5 7. O-O d6 8. h3
O-O 9. Nc3 Nd4 10. Na4 $4 Nxb5 11. Nxc5 dxc5 12. Qe2 Nd4 13. Nxd4 cxd4 14. Rad1
Qe8 15. Rd3 Qh5 16. Qxh5 Nxh5 17. Kh2 b6 18. g3 Ba6 0-1

[Event "Mechanics' Winter TNM; 30/90, SD/30"]
[Site "San Francisco"]
[Date "2011.02.01"]
[Round "5.1"]
[White "Rumph, Todd"]
[Black "Cunningham, Robin"]
[Result "0-1"]
[WhiteElo "2119"]
[BlackElo "2265"]
[PlyCount "91"]
[EventDate "2011.??.??"]

1. c4 f5 2. g3 Nf6 3. Nf3 g6 4. b4 Bg7 5. Bb2 O-O 6. Qb3 Kh8 7. Bg2 c6 8. Nc3
d6 9. d4 Be6 10. d5 Bg8 11. O-O e5 12. dxe6 Bxe6 13. Nd4 Bg8 14. b5 Qb6 15.
bxc6 Nxc6 16. Ncb5 Na5 17. Qb4 Nxc4 18. Bc3 Ne4 19. e3 Rac8 20. Bxe4 fxe4 21.
Ne2 a6 22. Nbd4 Qxb4 23. Bxb4 Be5 24. a4 Nb2 25. Nf4 g5 26. Nfe6 Bxe6 27. Nxe6
Rg8 28. f4 exf3 29. Rxf3 Nd3 30. Rb1 Rce8 31. Nd4 Rg7 32. Ba3 Kg8 33. Nf5 Rd7
34. Rd1 Nb2 35. Rxd6 Bxd6 36. Nh6+ Kg7 37. Nf5+ Kg6 38. Bxd6 Nxa4 39. h4 h6 40.
g4 gxh4 41. Nxh4+ Kg5 42. Bg3 Re4 43. Kg2 Kxg4 44. Bf2 Rd2 45. Nf5 Kg5 46. Ng3
0-1